violette1st quiz - Statistics

General Stats
  • This quiz has been taken 5 times
  • The average score is 4 of 15
Answer Stats
Hint Answer % Correct
shot the TV William
100%
has paws Andy
50%
state MD
50%
how many tires did william make flat 4
25%
Williams fathers name bill
25%
Williams faourite game gta5
25%
last video kid burnes xbox
25%
his favorite element plasma
25%
country USA
25%
her name violette
25%
adress 1307 ellis rd
0%
how much subs 580k
0%
number plate 91p939
0%
who records mom
0%
most viewed vid William doesn't want to do homework
0%
No matching quizzes found
Score Distribution
Percent of People with Each Score
Percentile by Number Answered
Your Score History
You have not taken this quiz